LDR 00647naa#a2200193#i#450# 001 EN\\bibl\123429 005 20260705210003.7 011 ## _a1994-4683 100 ## _a20230731b2023####ek#y0engy0150####ca 102 ## _aRU 200 1# _aUSE OF GPS TRACKING IN THE TRAINING AND COMPETITION PROCESS OF FOOTBALL PLAYERS _eJournal article 210 1# _aMoscow _cNational State University of Physical Education, Sports and Health named after P.F. Lesgaft _d2023 215 ## _a3 с. 608 ## _aJournal article _2local 675 ## _aФутбол. 796.332 _z 700 #1 _aFatkullov _gI R 700 #1 _aSitdikov _gA M 700 #1 _aSkokova _gA A 856 4# _auchzapiski.lesgaft.spb.ru _u